Rozpoznaj część komputerową po zdjęciu - Statystyki

Ogólne statystyki
  • Ten quiz został rozwiązany 63 razy
  • Średni wynik to 6 z 8
Statystyki odpowiedzi
Obrazkowy Odpowiedź % Poprawnych
Procesor
100%
Pamięć RAM
88%
Płyta główna
86%
Obudowa komputera
83%
Zasilacz komputera
83%
Karta graficzna
76%
Dysk twardy
53%
Karta dźwiękowa
43%
Nie znaleziono quizów pasujących do podanych kryteriów
Rozkład punktacji
Procent ludzi z każdym wynikiem
Percentyl według liczby udzielonych odpowiedzi
Twoja historia wyników
Nie rozwiązałeś tego quizu